| 000 | 00586nam a2200217Ia 4500 | ||
|---|---|---|---|
| 003 | GCL | ||
| 008 | 140319s9999 xx 000 0 eng d | ||
| 040 |
_aGCL / _cGCL |
||
| 082 | 0 | 4 |
_a618.32 _bB F |
| 100 | 1 | _aBOUE, ANDRE | |
| 245 | 1 | 0 |
_aFETAL MEDICINE : PRENATAL DIAGNOSIS AND MANAGEMENT / _cBOUE, ANDRE |
| 700 | 1 | _aVEKEMANS, MICHEL | |
| 700 | 1 | _aCARTIER, LOLA | |
| 260 |
_a[S.N] : _bOXFORD UNIVERSITY PRESS ، _c1995 |
||
| 300 | _a292 | ||
| 650 | 0 | 4 | _aFETUS |
| 650 | 0 | 4 | _aPRENATAL DIAGNOSIS |
| 650 | 0 | 4 | _aFETUS - DISEASES |
| 650 | 0 | 4 | _aFETUS - ABNORMALITIES |
| 942 |
_2ddc _cBK |
||
| 999 |
_c25483 _d25483 |
||